000
00241nam a22000857a 4500
008
251113b ||||| |||| 00| 0 eng d
100
_a
Nutmeg Stamp Sales
245
_a
Civil War Patriotic Covers Postally Used
650
_a
Civil War Patriotic Covers
999
_c
3693
_d
3693